[Event "LSS SD-2009-0-00048"]
[Site "LSS email"]
[Date "2010.01.15"]
[Round "?"]
[White "Moreira Lopes, Jose Carlos"]
[Black "Hilton, Stephen H"]
[Result "1-0"]
[WhiteElo "1528"]
[BlackElo "1493"]
[PlyCount "53"]
[EventDate "2009.12.14"]
[EventType "tourn (corr)"]
[EventRounds "6"]
[EventCountry "GER"]
[SourceTitle "Telechess CBM 137"]
[Source "ChessBase"]
[SourceDate "2010.07.15"]
[SourceVersion "1"]
[SourceVersionDate "2010.07.15"]
[SourceQuality "1"]

1. d4 g6 2. c4 Bg7 3. g3 c6 4. Nc3 Nf6 5. Bg2 0-0 6. e4 d6 7. Nge2 Nbd7 8. 0-0 e5 9. d5 Qc7 10. Be3 Ng4 11. Bg5 f6 12. Bd2 f5 13. exf5 gxf5 14. dxc6 bxc6 15. Nd5 Qd8 16. Nb4 e4 17. Nxc6 Qc7 18. Ne7+ Kh8 19. h3 Nge5 20. Nf4 Nc5 21. Ned5 Qd8 22. Bc3 Nxc4 23. Bxg7+ Kxg7 24. Qd4+ Ne5 25. Rfc1 Ne6 26. Nxe6+ Bxe6 27. Nc7 1-0

[Event "LSS SD-2009-0-00045"]
[Site "LSS email"]
[Date "2009.12.20"]
[Round "?"]
[White "Moreira Lopes, Jose Carlos"]
[Black "Manheimer, Gunter"]
[Result "0-1"]
[WhiteElo "1504"]
[BlackElo "1491"]
[PlyCount "90"]
[EventDate "2009.11.17"]
[EventType "tourn (corr)"]
[EventRounds "6"]
[EventCountry "GER"]
[SourceTitle "Telechess CBM 137"]
[Source "ChessBase"]
[SourceDate "2010.07.15"]
[SourceVersion "1"]
[SourceVersionDate "2010.07.15"]
[SourceQuality "1"]

1. e4 e6 2. d4 d5 3. Nc3 Nf6 4. Bg5 Be7 5. e5 Nfd7 6. Bxe7 Qxe7 7. f4 a6 8. Qg4 g6 9. Nf3 c5 10. dxc5 Nc6 11. 0-0-0 Nxc5 12. h4 h5 13. Qg5 b5 14. a3 b4 15. axb4 Nxb4 16. Qxe7+ Kxe7 17. Be2 Bd7 18. Nd4 Rab8 19. Bf3 Rhc8 20. Rhe1 Nc6 21. Nxc6+ Rxc6 22. Rd4 a5 23. Re3 Rcc8 24. g3 Rb7 25. f5 gxf5 26. Bxh5 Rb4 27. Rxb4 axb4 28. Ne2 Ba4 29. Rf3 Ne4 30. b3 Bd7 31. Rd3 Bb5 32. Rd4 Bxe2 33. Bxe2 Nxg3 34. Bf3 Rb8 35. h5 f6 36. exf6+ Kxf6 37. h6 Kg6 38. Rh4 Kg5 39. Rh2 Rh8 40. h7 f4 41. c4 bxc3 42. Kc2 Nf5 43. Rh5+ Kg6 44. Kxc3 e5 45. Rh3 e4 0-1

[Event "LSS SD-2009-0-00045"]
[Site "LSS email"]
[Date "2009.12.20"]
[Round "?"]
[White "Moreira Lopes, Jose Carlos"]
[Black "Nolf, Francky"]
[Result "1-0"]
[WhiteElo "1506"]
[BlackElo "1376"]
[PlyCount "37"]
[EventDate "2009.11.17"]
[EventType "tourn (corr)"]
[EventRounds "6"]
[EventCountry "GER"]
[SourceTitle "Telechess CBM 137"]
[Source "ChessBase"]
[SourceDate "2010.07.15"]
[SourceVersion "1"]
[SourceVersionDate "2010.07.15"]
[SourceQuality "1"]

1. e4 d6 2. d4 Nf6 3. Nc3 Nbd7 4. f4 e5 5. Nf3 exd4 6. Qxd4 c6 7. Be3 d5 8. 0-0-0 c5 9. Qa4 d4 10. Nxd4 cxd4 11. Bxd4 Be7 12. e5 Nh5 13. Be3 a6 14. g4 b5 15. Qe4 Rb8 16. gxh5 Bb7 17. Nd5 Qa5 18. e6 Nf6 19. exf7+ 1-0

[Event "LSS SD-2009-0-00044"]
[Site "LSS email"]
[Date "2009.12.15"]
[Round "?"]
[White "Nolf, Francky"]
[Black "Moreira Lopes, Jose Carlos"]
[Result "0-1"]
[WhiteElo "1365"]
[BlackElo "1523"]
[PlyCount "60"]
[EventDate "2009.11.04"]
[EventType "tourn (corr)"]
[EventRounds "6"]
[EventCountry "GER"]
[SourceTitle "Telechess CBM 137"]
[Source "ChessBase"]
[SourceDate "2010.07.15"]
[SourceVersion "1"]
[SourceVersionDate "2010.07.15"]
[SourceQuality "1"]

1. d4 Nf6 2. Nf3 d5 3. e3 e6 4. Bd3 c5 5. b3 Nc6 6. Bb2 Be7 7. Nbd2 cxd4 8. exd4 0-0 9. 0-0 Nb4 10. Ne5 Nxd3 11. Nxd3 b5 12. Ne5 Qb6 13. Qf3 Nd7 14. Rae1 Nxe5 15. dxe5 b4 16. Qh3 Ba6 17. Nf3 Bxf1 18. Rxf1 Rac8 19. Nd4 Bc5 20. Qd3 Bxd4 21. Bxd4 Qa5 22. Ra1 Rc6 23. f4 Rfc8 24. f5 Rxc2 25. fxe6 fxe6 26. Qh3 Rc1+ 27. Rxc1 Rxc1+ 28. Kf2 Qxa2+ 29. Kf3 Qxb3+ 30. Be3 Qxe3+ 0-1

[Event "LSS SD-2009-0-00044"]
[Site "LSS email"]
[Date "2009.12.15"]
[Round "?"]
[White "Thurrott, Allan"]
[Black "Moreira Lopes, Jose Carlos"]
[Result "1-0"]
[WhiteElo "1496"]
[BlackElo "1514"]
[PlyCount "77"]
[EventDate "2009.11.04"]
[EventType "tourn (corr)"]
[EventRounds "6"]
[EventCountry "GER"]
[SourceTitle "Telechess CBM 137"]
[Source "ChessBase"]
[SourceDate "2010.07.15"]
[SourceVersion "1"]
[SourceVersionDate "2010.07.15"]
[SourceQuality "1"]

1. e4 c5 2. Nf3 e6 3. d4 cxd4 4. Nxd4 Nc6 5. Nc3 Qc7 6. Be2 a6 7. 0-0 Nf6 8. Be3 Bb4 9. Nxc6 bxc6 10. Na4 Rb8 11. c4 Nxe4 12. Qd4 Nf6 13. c5 e5 14. Qd3 d6 15. a3 Bxc5 16. Nxc5 dxc5 17. Bxc5 Nd5 18. b4 f6 19. f4 exf4 20. Bf3 Kf7 21. Bxd5+ cxd5 22. Rae1 Be6 23. Rxe6 Kxe6 24. Re1+ Kf7 25. Qxd5+ Kg6 26. Re7 Qxe7 27. Bxe7 Rhe8 28. Qd3+ Kf7 29. Bc5 Rbd8 30. Qxa6 Rd2 31. Kf1 Kg6 32. a4 Kf5 33. g3 Kg4 34. Qc4 Rd1+ 35. Kg2 Rd2+ 36. Bf2 g5 37. gxf4 gxf4 38. h3+ Kg5 39. Kf3 1-0

[Event "LSS OP-2009-0-01007"]
[Site "LSS email"]
[Date "2009.11.29"]
[Round "?"]
[White "Bester, Kazimierz"]
[Black "Moreira Lopes, Jose Carlos"]
[Result "0-1"]
[WhiteElo "710"]
[BlackElo "1469"]
[PlyCount "80"]
[EventDate "2009.11.23"]
[EventType "tourn (corr)"]
[EventRounds "4"]
[EventCountry "GER"]
[SourceTitle "Telechess CBM 137"]
[Source "ChessBase"]
[SourceDate "2010.07.15"]
[SourceVersion "1"]
[SourceVersionDate "2010.07.15"]
[SourceQuality "1"]

1. c4 Nf6 2. Nf3 c5 3. d4 cxd4 4. Nxd4 e6 5. Bg5 Be7 6. e3 Qa5+ 7. Nc3 Qxg5 8. Nf3 Qc5 9. Be2 Nc6 10. 0-0 0-0 11. a3 d6 12. b4 Qb6 13. Na4 Qc7 14. Rb1 b6 15. Rc1 Bb7 16. c5 bxc5 17. bxc5 Rfd8 18. Qc2 Rac8 19. cxd6 Bxd6 20. Bb5 Bxa3 21. Ra1 Bd6 22. Qb3 Na5 23. Qa2 a6 24. Be2 Bd5 25. Qb1 Nb3 26. Ra2 Nc1 27. Bxa6 Bxa2 28. Qb7 Qxb7 29. Bxb7 Rc4 30. Nd4 e5 31. Nf5 Ne2+ 32. Kh1 Rxa4 33. Nxd6 Rxd6 34. Bf3 Nc3 35. Rc1 Rc4 36. g3 e4 37. Bg2 Rd1+ 38. Rxd1 Nxd1 39. f4 Nxe3 40. h4 Nfg4 0-1

[Event "LSS OP-2009-0-01007"]
[Site "LSS email"]
[Date "2009.11.29"]
[Round "?"]
[White "Moreira Lopes, Jose Carlos"]
[Black "Richter, Klaus"]
[Result "1/2-1/2"]
[WhiteElo "1456"]
[BlackElo "1219"]
[PlyCount "135"]
[EventDate "2009.11.23"]
[EventType "tourn (corr)"]
[EventRounds "4"]
[EventCountry "GER"]
[SourceTitle "Telechess CBM 137"]
[Source "ChessBase"]
[SourceDate "2010.07.15"]
[SourceVersion "1"]
[SourceVersionDate "2010.07.15"]
[SourceQuality "1"]

1. e4 e5 2. Nf3 Nc6 3. Bb5 a6 4. Ba4 Nf6 5. 0-0 Be7 6. Re1 b5 7. Bb3 d6 8. c3 0-0 9. h3 Bb7 10. d3 Na5 11. Bc2 c5 12. Nbd2 Qc7 13. Nf1 Rfe8 14. Ng3 d5 15. exd5 Nxd5 16. Rxe5 Bd6 17. Rxe8+ Rxe8 18. Ne4 Be7 19. Bd2 Nf6 20. b3 Nxe4 21. dxe4 c4 22. b4 Nc6 23. a4 Bf6 24. axb5 axb5 25. Ra3 Rd8 26. Qe2 h6 27. Be3 Be7 28. h4 Bc8 29. g3 Bg4 30. Bf4 Qb6 31. e5 Bxb4 32. cxb4 Nd4 33. Qe4 Bf5 34. Qxd4 Rxd4 35. Nxd4 Bxc2 36. Nxc2 Qg6 37. Rc3 Qf5 38. Na3 g5 39. hxg5 hxg5 40. Bd2 Qxe5 41. Re3 Qd5 42. Bc3 g4 43. Kf1 Kh7 44. Ke2 Qf5 45. Bd4 Kg6 46. Bc5 Qd7 47. Nc2 Qc6 48. Nd4 Qa6 49. Kd2 f6 50. Nc2 Qa8 51. Ra3 Qg2 52. Kc1 f5 53. Kb2 Qf1 54. Be3 Kf6 55. Nd4 Qe1 56. Rc3 Qd1 57. Nxb5 Qa4 58. Na3 Qxb4+ 59. Kc2 Qa4+ 60. Kd2 Qd7+ 61. Ke2 Qb7 62. Nxc4 Qf3+ 63. Kd2 Qd5+ 64. Kc2 Qe4+ 65. Kb3 Qb1+ 66. Nb2 Qh1 67. Rc1 Qb7+ 68. Kc3 1/2-1/2

[Event "LSS SD-2009-0-00041"]
[Site "LSS email"]
[Date "2009.11.18"]
[Round "?"]
[White "Moreira Lopes, Jose Carlos"]
[Black "Lonyuk, Bohdan"]
[Result "1-0"]
[WhiteElo "1511"]
[BlackElo "1385"]
[PlyCount "87"]
[EventDate "2009.09.25"]
[EventType "tourn (corr)"]
[EventRounds "6"]
[EventCountry "GER"]
[SourceTitle "Telechess CBM 137"]
[Source "ChessBase"]
[SourceDate "2010.07.15"]
[SourceVersion "1"]
[SourceVersionDate "2010.07.15"]
[SourceQuality "1"]

1. d4 d5 2. c4 e6 3. g3 c5 4. Nf3 Nf6 5. Bg2 Be7 6. 0-0 0-0 7. cxd5 exd5 8. Nc3 Nc6 9. Bg5 cxd4 10. Nxd4 h6 11. Be3 Re8 12. Qa4 Bd7 13. Rac1 Na5 14. Qc2 Rc8 15. Qd3 Nc4 16. Nxd5 Nxd5 17. Bxd5 Nxe3 18. Qxe3 Bf6 19. Qd3 Bh3 20. Rxc8 Qxc8 21. Rd1 Bxd4 22. Qxd4 Rxe2 23. Bf3 Re7 24. Qxa7 Qf5 25. Qa3 Rc7 26. Bxb7 Qd7 27. Bf3 Qc8 28. b4 Rc3 29. Qa8 Qxa8 30. Bxa8 Ra3 31. Bd5 Be6 32. Bxe6 fxe6 33. Rd2 Ra8 34. b5 Rb8 35. a4 Kf7 36. Kg2 g5 37. Kf3 h5 38. Rb2 Ke7 39. b6 Kd6 40. a5 Kc6 41. b7 Rxb7 42. Rxb7 Kxb7 43. g4 h4 44. Ke4 1-0

[Event "LSS OP-2009-0-00989"]
[Site "LSS email"]
[Date "2009.11.15"]
[Round "?"]
[White "Holmquist, Marson C"]
[Black "Moreira Lopes, Jose Carlos"]
[Result "0-1"]
[WhiteElo "1286"]
[BlackElo "1460"]
[PlyCount "60"]
[EventDate "2009.11.01"]
[EventType "tourn (corr)"]
[EventRounds "4"]
[EventCountry "GER"]
[SourceTitle "Telechess CBM 137"]
[Source "ChessBase"]
[SourceDate "2010.07.15"]
[SourceVersion "1"]
[SourceVersionDate "2010.07.15"]
[SourceQuality "1"]

1. e4 c5 2. Nf3 d6 3. Bc4 e6 4. 0-0 Nf6 5. e5 dxe5 6. Nxe5 a6 7. Re1 Nbd7 8. Nxf7 Kxf7 9. Bxe6+ Ke8 10. Bc4+ Be7 11. Qe2 b5 12. Be6 Nb6 13. Bxc8 Rxc8 14. d3 Qd7 15. Bg5 Kf7 16. Nc3 Rhe8 17. Bxf6 Bxf6 18. Qh5+ Kg8 19. Ne4 Bxb2 20. Rab1 Be5 21. Ng5 g6 22. Qxh7+ Qxh7 23. Nxh7 Kxh7 24. c4 b4 25. a3 bxa3 26. Rbd1 Bd4 27. Rf1 Re2 28. Rb1 a2 29. Ra1 Bxa1 30. Rxa1 Rb2 0-1

[Event "LSS OP-2009-0-00989"]
[Site "LSS email"]
[Date "2009.11.15"]
[Round "?"]
[White "Leisner, Jon S"]
[Black "Moreira Lopes, Jose Carlos"]
[Result "1-0"]
[WhiteElo "1415"]
[BlackElo "1514"]
[PlyCount "85"]
[EventDate "2009.11.01"]
[EventType "tourn (corr)"]
[EventRounds "4"]
[EventCountry "GER"]
[SourceTitle "Telechess CBM 137"]
[Source "ChessBase"]
[SourceDate "2010.07.15"]
[SourceVersion "1"]
[SourceVersionDate "2010.07.15"]
[SourceQuality "1"]

1. d4 Nf6 2. c4 g6 3. Nc3 d5 4. cxd5 Nxd5 5. e4 Nxc3 6. bxc3 Bg7 7. Be3 c5 8. Qd2 Qa5 9. Rb1 b6 10. Bb5+ Bd7 11. Be2 0-0 12. Rc1 Rc8 13. d5 Qa4 14. Bd3 Na6 15. Bh6 c4 16. Bb1 Bh8 17. Ne2 Nc5 18. 0-0 Nd3 19. Bxd3 cxd3 20. Qxd3 Bb5 21. Qe3 Bxe2 22. Qxe2 Rc4 23. Rfe1 Bxc3 24. Rc2 b5 25. Rec1 Rac8 26. e5 b4 27. Rd1 a5 28. Bg5 Qd7 29. d6 exd6 30. exd6 R4c5 31. h4 f6 32. Bf4 Rc4 33. Qf3 R4c5 34. Rd5 a4 35. Rxc5 Rxc5 36. a3 g5 37. axb4 Rc8 38. hxg5 fxg5 39. Qd5+ Kf8 40. Qxg5 Qe6 41. Qb5 Qg4 42. Rxc3 Rxc3 43. d7 1-0

[Event "LSS RD-2009-0-00027"]
[Site "LSS email"]
[Date "2009.10.31"]
[Round "?"]
[White "Moreira Lopes, Jose Carlos"]
[Black "Krol, Piotr Rafal"]
[Result "1-0"]
[WhiteElo "1468"]
[BlackElo "1500"]
[PlyCount "45"]
[EventDate "2009.06.02"]
[EventType "tourn (corr)"]
[EventRounds "6"]
[EventCountry "GER"]
[SourceTitle "Telechess CBM 137"]
[Source "ChessBase"]
[SourceDate "2010.07.15"]
[SourceVersion "1"]
[SourceVersionDate "2010.07.15"]
[SourceQuality "1"]

1. d4 e6 2. e4 d5 3. Nc3 Nf6 4. Bg5 Be7 5. e5 Nfd7 6. Bxe7 Qxe7 7. f4 Nb6 8. Nf3 Bd7 9. Bd3 c5 10. 0-0 a6 11. b3 Nc6 12. Ne2 Rc8 13. c3 cxd4 14. Nexd4 Nxd4 15. cxd4 0-0 16. Qe1 f5 17. exf6 Rxf6 18. Qa5 Qd6 19. g3 Na8 20. Rac1 Rff8 21. Ne5 Bc6 22. Bxa6 bxa6 23. Qxa6 1-0

[Event "LSS SD-2009-0-00039"]
[Site "LSS email"]
[Date "2009.10.21"]
[Round "?"]
[White "Windheim, Charles"]
[Black "Moreira Lopes, Jose Carlos"]
[Result "1-0"]
[WhiteElo "1297"]
[BlackElo "1339"]
[PlyCount "59"]
[EventDate "2009.08.17"]
[EventType "tourn (corr)"]
[EventRounds "6"]
[EventCountry "GER"]
[SourceTitle "Telechess CBM 137"]
[Source "ChessBase"]
[SourceDate "2010.07.15"]
[SourceVersion "1"]
[SourceVersionDate "2010.07.15"]
[SourceQuality "1"]

1. e4 c5 2. Nc3 e6 3. f4 Nc6 4. Nf3 Nge7 5. d4 cxd4 6. Nxd4 Nxd4 7. Qxd4 Nc6 8. Qf2 Bb4 9. Bd2 0-0 10. 0-0-0 b6 11. a3 Bc5 12. Be3 Qe7 13. Bxc5 bxc5 14. e5 f6 15. exf6 Qxf6 16. g3 Nd4 17. Ne4 Qe7 18. Nxc5 Qxc5 19. Qxd4 Qxd4 20. Rxd4 Bb7 21. Rg1 Bc6 22. b4 Rf5 23. c4 Rc8 24. Kd2 Rc7 25. Bd3 Rh5 26. h4 Kf7 27. Re1 g6 28. Be2 Rh6 29. b5 Bb7 30. Kc3 1-0

[Event "LSS OP-2009-0-00972"]
[Site "LSS email"]
[Date "2009.10.19"]
[Round "?"]
[White "Jovanovic, Bratislav"]
[Black "Moreira Lopes, Jose Carlos"]
[Result "1-0"]
[WhiteElo "2059"]
[BlackElo "1339"]
[PlyCount "81"]
[EventDate "2009.10.15"]
[EventType "tourn (corr)"]
[EventRounds "4"]
[EventCountry "GER"]
[SourceTitle "Telechess CBM 137"]
[Source "ChessBase"]
[SourceDate "2010.07.15"]
[SourceVersion "1"]
[SourceVersionDate "2010.07.15"]
[SourceQuality "1"]

1. e4 c5 2. Nf3 d6 3. d4 cxd4 4. Nxd4 Nf6 5. Nc3 g6 6. Be3 Bg7 7. f3 0-0 8. Qd2 Nc6 9. Bc4 Bd7 10. 0-0-0 Nxd4 11. Bxd4 Rc8 12. Be2 Bc6 13. g4 a6 14. h4 b5 15. h5 e5 16. Be3 b4 17. Nd5 Bxd5 18. exd5 a5 19. Kb1 Qc7 20. Ba6 Rb8 21. h6 Bh8 22. Rh4 Nd7 23. g5 Nc5 24. Bf1 Na4 25. Ka1 Rfc8 26. Ba6 Rd8 27. Rg1 f5 28. gxf6 Bxf6 29. Rhg4 Nc5 30. Be2 Na4 31. Bd3 Kh8 32. Bxg6 hxg6 33. Rxg6 Rg8 34. Rxf6 Rxg1+ 35. Bxg1 Rg8 36. Be3 Qc4 37. Qc1 Rg2 38. Rxd6 Qxc2 39. Rc6 Qxc1+ 40. Rxc1 Re2 41. d6 1-0

[Event "LSS SD-2009-0-00039"]
[Site "LSS email"]
[Date "2009.10.17"]
[Round "?"]
[White "Martins, Karin"]
[Black "Moreira Lopes, Jose Carlos"]
[Result "0-1"]
[WhiteElo "1556"]
[BlackElo "1479"]
[PlyCount "162"]
[EventDate "2009.08.17"]
[EventType "tourn (corr)"]
[EventRounds "6"]
[EventCountry "GER"]
[SourceTitle "Telechess CBM 137"]
[Source "ChessBase"]
[SourceDate "2010.07.15"]
[SourceVersion "1"]
[SourceVersionDate "2010.07.15"]
[SourceQuality "1"]

1. e4 c5 2. Nf3 d6 3. d4 cxd4 4. Nxd4 Nf6 5. Nc3 g6 6. Be3 Bg7 7. f3 0-0 8. Qd2 Nc6 9. Bc4 Ne5 10. Bb3 Bd7 11. h4 Rc8 12. h5 Nxh5 13. 0-0-0 Ng3 14. Rh2 Nc4 15. Bxc4 Rxc4 16. Qf2 Nh5 17. g4 Nf6 18. Qh4 h5 19. Nce2 Qa5 20. gxh5 Qxh5 21. Qf2 Qa5 22. Kb1 Rfc8 23. Bh6 Bxh6 24. Rxh6 Qb6 25. Qe3 R8c5 26. c3 Rh5 27. Rxh5 Nxh5 28. Qg5 Qd8 29. Rg1 Rc5 30. Qh4 Nf6 31. Ng3 Qf8 32. Ndf5 Bxf5 33. Nxf5 Re5 34. Nxd6 Rh5 35. Qf4 Nd5 36. exd5 exd6 37. c4 Qe7 38. Qd4 b6 39. Rc1 Rh3 40. Qc3 Qg5 41. Re1 Qf5+ 42. Ka1 Kf8 43. Rf1 g5 44. a3 g4 45. Ka2 g3 46. Rg1 Qf4 47. a4 Rh2 48. a5 Re2 49. Qh8+ Ke7 50. Qc8 Qe5 51. Rb1 g2 52. axb6 g1Q 53. Qb7+ Kf6 54. bxa7 Rxb2+ 55. Qxb2 Qxa7+ 56. Kb3 Qb6+ 57. Kc2 Qf2+ 58. Kb3 Qxf3+ 59. Kb4 Qxb2+ 60. Rxb2 Ke5 61. Rh2 f5 62. Ra2 Qd3 63. Rh2 f4 64. Kb5 Qb3+ 65. Kc6 Qxc4+ 66. Kd7 Qxd5 67. Re2+ Kf5 68. Rh2 Qe6+ 69. Kc7 f3 70. Rc2 d5 71. Ra2 d4 72. Rb2 d3 73. Rb5+ Qe5+ 74. Kb6 Qxb5+ 75. Kxb5 d2 76. Kb6 d1Q 77. Kc6 f2 78. Kc5 f1Q 79. Kb4 Qd4+ 80. Ka5 Qb2 81. Ka4 Qfb5# 0-1

[Event "LSS ZI-2009-0-00540"]
[Site "LSS email"]
[Date "2009.10.17"]
[Round "?"]
[White "Moreira Lopes, Jose Carlos"]
[Black "Windheim, Charles"]
[Result "0-1"]
[WhiteElo "1339"]
[BlackElo "1297"]
[PlyCount "72"]
[EventDate "2009.10.12"]
[EventType "match (corr)"]
[EventRounds "2"]
[EventCountry "GER"]
[SourceTitle "Telechess CBM 137"]
[Source "ChessBase"]
[SourceDate "2010.07.15"]
[SourceVersion "1"]
[SourceVersionDate "2010.07.15"]
[SourceQuality "1"]

1. d4 Nf6 2. c4 e6 3. Nf3 Bb4+ 4. Bd2 Qe7 5. g3 Nc6 6. Bg2 Bxd2+ 7. Nbxd2 0-0 8. 0-0 d6 9. a3 e5 10. d5 Nb8 11. e4 a5 12. b4 b6 13. Qc2 Bb7 14. Nh4 g6 15. Nb3 axb4 16. axb4 Nbd7 17. Bh3 c6 18. dxc6 Bxc6 19. f3 Ba4 20. Qd3 d5 21. cxd5 Qxb4 22. Rfb1 Bxb3 23. Rxa8 Qc5+ 24. Kh1 Bc2 25. Rxf8+ Kxf8 26. Qb5 Bxb1 27. Qxb1 b5 28. Qa2 b4 29. Bxd7 Nxd7 30. Qa4 Qc1+ 31. Kg2 Qd2+ 32. Kh3 Nc5 33. Qa7 Nd3 34. Qb6 Kg7 35. f4 Nf2+ 36. Kg2 Nxe4+ 0-1

[Event "LSS SD-2009-0-00039"]
[Site "LSS email"]
[Date "2009.10.16"]
[Round "?"]
[White "Moreira Lopes, Jose Carlos"]
[Black "Albesa, Alfredo Ricardo"]
[Result "1/2-1/2"]
[WhiteElo "1525"]
[BlackElo "1607"]
[PlyCount "75"]
[EventDate "2009.08.17"]
[EventType "tourn (corr)"]
[EventRounds "6"]
[EventCountry "GER"]
[SourceTitle "Telechess CBM 137"]
[Source "ChessBase"]
[SourceDate "2010.07.15"]
[SourceVersion "1"]
[SourceVersionDate "2010.07.15"]
[SourceQuality "1"]

1. d4 Nf6 2. c4 g6 3. Nc3 Bg7 4. e4 d6 5. Nf3 0-0 6. Be2 e5 7. dxe5 dxe5 8. Qxd8 Rxd8 9. Bg5 Re8 10. h3 Be6 11. 0-0 h6 12. Be3 Nc6 13. Rfd1 Rac8 14. Rd2 Red8 15. Rad1 Rxd2 16. Rxd2 Bf8 17. a3 g5 18. g4 a6 19. Kg2 Kg7 20. b4 Bd6 21. Rd1 Rd8 22. Bd3 Bf8 23. Nd5 Bd6 24. Bc2 Rd7 25. Bc1 Nd4 26. Nxd4 exd4 27. Rxd4 Be5 28. Rd2 b5 29. cxb5 axb5 30. Nxf6 Kxf6 31. Rxd7 Bxd7 32. Bb3 Be6 33. Bxe6 Kxe6 34. f3 Bd6 35. Kf1 c5 36. bxc5 Bxc5 37. Bb2 Bd6 38. Ke2 1/2-1/2

[Event "LSS OP-2009-0-00931"]
[Site "LSS email"]
[Date "2009.09.02"]
[Round "?"]
[White "Moreira Lopes, Jose Carlos"]
[Black "Zlotkowski, Arkadiusz"]
[Result "0-1"]
[WhiteElo "1339"]
[BlackElo "2452"]
[PlyCount "110"]
[EventDate "2009.08.27"]
[EventType "tourn (corr)"]
[EventRounds "4"]
[EventCountry "GER"]
[SourceTitle "Telechess CBM 137"]
[Source "ChessBase"]
[SourceDate "2010.07.15"]
[SourceVersion "1"]
[SourceVersionDate "2010.07.15"]
[SourceQuality "1"]

1. e4 e6 2. d4 c5 3. d5 exd5 4. exd5 d6 5. Nc3 Nf6 6. Nf3 Be7 7. h3 0-0 8. Bf4 Qb6 9. Rb1 Qb4 10. Bd2 Re8 11. Be2 Qa5 12. 0-0 h6 13. Re1 Nbd7 14. a4 a6 15. b3 Qc7 16. Be3 b6 17. Bc4 Bb7 18. Qd3 Nf8 19. b4 cxb4 20. Rxb4 N8d7 21. Bd4 Nh5 22. Ne4 Nf4 23. Qb3 Bd8 24. Kh2 Ng6 25. Bd3 a5 26. Rb5 Nf4 27. g3 Nxd3 28. Qxd3 Be7 29. Qc3 Qxc3 30. Bxc3 f5 31. Ned2 Rac8 32. Re3 g5 33. Nd4 f4 34. gxf4 gxf4 35. Rf3 Ne5 36. Bxa5 Nxf3+ 37. N2xf3 Bxd5 38. Rxd5 bxa5 39. Rxa5 Ra8 40. Rf5 Rxa4 41. Rxf4 Bd8 42. Kg3 Bb6 43. Rg4+ Kh7 44. Nb5 Rxg4+ 45. hxg4 Rc8 46. Nfd4 Rc4 47. c3 Bxd4 48. cxd4 d5 49. Kf4 Rb4 50. Nc7 Rxd4+ 51. Ke5 Rxg4 52. Nxd5 Rg2 53. f4 h5 54. f5 h4 55. f6 h3 0-1

[Event "LSS SE-2009-0-00028"]
[Site "LSS email"]
[Date "2009.08.19"]
[Round "?"]
[White "Moreira Lopes, Jose Carlos"]
[Black "Drobotov, Gennady Sergeevich"]
[Result "1-0"]
[WhiteElo "1339"]
[BlackElo "1232"]
[PlyCount "65"]
[EventDate "2009.06.15"]
[EventType "tourn (corr)"]
[EventRounds "6"]
[EventCountry "GER"]
[SourceTitle "Corr 2011"]
[Source "ChessBase"]
[SourceDate "2010.08.31"]
[SourceVersion "1"]
[SourceVersionDate "2010.08.31"]
[SourceQuality "1"]

1. e4 c6 2. d4 d5 3. e5 Bf5 4. Nc3 e6 5. g4 Bg6 6. Nge2 h6 7. h4 Bh7 8. Be3 Bb4 9. a3 Ba5 10. Qd2 Ne7 11. 0-0-0 Nd7 12. Kb1 Bc7 13. Ng3 0-0 14. g5 Nf5 15. Nxf5 Bxf5 16. gxh6 g6 17. Bd3 Bxd3 18. Qxd3 Kh7 19. h5 Rg8 20. Ne2 Nf8 21. Rdg1 Qd7 22. hxg6+ Nxg6 23. Nf4 Qe8 24. Rg4 c5 25. Nh5 Bd8 26. dxc5 Rc8 27. Rhg1 a6 28. a4 Rc6 29. b3 Kh8 30. h7 Kxh7 31. Nf6+ Bxf6 32. Rh1+ Bh4 33. Rgxh4+ 1-0

[Event "LSS OP-2009-0-00921"]
[Site "LSS email"]
[Date "2009.08.18"]
[Round "?"]
[White "Moreira Lopes, Jose Carlos"]
[Black "Niewold, Jaap"]
[Result "1-0"]
[WhiteElo "1339"]
[BlackElo "1711"]
[PlyCount "67"]
[EventDate "2009.08.09"]
[EventType "tourn (corr)"]
[EventRounds "4"]
[EventCountry "GER"]
[SourceTitle "Corr 2011"]
[Source "ChessBase"]
[SourceDate "2010.08.31"]
[SourceVersion "1"]
[SourceVersionDate "2010.08.31"]
[SourceQuality "1"]

1. e4 e5 2. Nf3 Nc6 3. Bb5 f5 4. Nc3 fxe4 5. Nxe4 Nf6 6. Qe2 d5 7. Nxf6+ gxf6 8. d4 Bg7 9. dxe5 0-0 10. Bxc6 bxc6 11. e6 Re8 12. 0-0 Rxe6 13. Qd3 c5 14. Rd1 c6 15. Be3 Qb6 16. c4 d4 17. Bd2 Ba6 18. b4 Rd8 19. a3 Ree8 20. Rab1 cxb4 21. axb4 c5 22. Rdc1 Qd6 23. h3 Rd7 24. Nh4 Bb7 25. f3 Qc7 26. bxc5 Bf8 27. Nf5 Bxc5 28. Re1 Re5 29. Rxe5 fxe5 30. Nh6+ Kh8 31. Bg5 Qd6 32. Qf5 d3+ 33. Kf1 Kg7 34. Qg4 1-0

[Event "LSS OP-2009-0-00921"]
[Site "LSS email"]
[Date "2009.08.18"]
[Round "?"]
[White "Sinygovsky, Vladimir"]
[Black "Moreira Lopes, Jose Carlos"]
[Result "0-1"]
[WhiteElo "930"]
[BlackElo "1248"]
[PlyCount "60"]
[EventDate "2009.08.09"]
[EventType "tourn (corr)"]
[EventRounds "4"]
[EventCountry "GER"]
[SourceTitle "Corr 2011"]
[Source "ChessBase"]
[SourceDate "2010.08.31"]
[SourceVersion "1"]
[SourceVersionDate "2010.08.31"]
[SourceQuality "1"]

1. a3 Nf6 2. d4 d5 3. Nc3 Bf5 4. Nf3 e6 5. Nh4 Bg6 6. Nxg6 hxg6 7. h3 c5 8. Bf4 cxd4 9. Nb5 Qa5+ 10. b4 Qxb5 11. Qxd4 Nc6 12. Qb2 Qb6 13. e3 g5 14. Bh2 Be7 15. Bd3 Nd7 16. c3 Nce5 17. Be2 Rc8 18. 0-0 Bf6 19. Rfc1 Nc5 20. a4 Ncd3 21. Qa3 Nc4 22. a5 Nxa3 23. axb6 Nxc1 24. bxa7 Nxe2+ 25. Kf1 Ra8 26. Rxa3 Nxc3 27. Ra5 Kd7 28. b5 Bd8 29. Ra1 Nxb5 30. Rb1 Kc6 0-1

[Event "LSS SD-2009-0-00032"]
[Site "LSS email"]
[Date "2009.06.22"]
[Round "?"]
[White "Moreira Lopes, Jose Carlos"]
[Black "Kravtsov, Vladimir"]
[Result "1/2-1/2"]
[WhiteElo "1248"]
[BlackElo "1400"]
[PlyCount "91"]
[EventDate "2009.04.13"]
[EventType "tourn (corr)"]
[EventRounds "6"]
[EventCountry "GER"]
[SourceTitle "Corr 2011"]
[Source "ChessBase"]
[SourceDate "2010.08.31"]
[SourceVersion "1"]
[SourceVersionDate "2010.08.31"]
[SourceQuality "1"]

1. e4 e5 2. Nf3 Nf6 3. Nxe5 d6 4. Nf3 Nxe4 5. d4 d5 6. Bd3 Nc6 7. 0-0 Be7 8. c4 Nb4 9. Be2 0-0 10. Nc3 Bf5 11. a3 Nxc3 12. bxc3 Nc6 13. cxd5 Qxd5 14. c4 Qd6 15. Be3 Bf6 16. Ra2 Rfe8 17. d5 Ne7 18. Nd4 a6 19. Bf3 Bd7 20. Qc1 Be5 21. c5 Qg6 22. Qb1 Qxb1 23. Rxb1 Rad8 24. Rd2 Bc8 25. Ne2 Nf5 26. g3 Nxe3 27. fxe3 g6 28. e4 Kg7 29. Kg2 Re7 30. Nd4 h5 31. Rb3 Bf6 32. h4 Re5 33. Rc2 Rg8 34. Rb4 Kf8 35. d6 cxd6 36. cxd6 Kg7 37. Rc7 Rd8 38. a4 Kg8 39. Rb6 Bg7 40. Nb3 Be6 41. Rcxb7 Bxb3 42. Rxb3 Rxd6 43. Rc7 Rf6 44. Rb8+ Kh7 45. Rbb7 Kg8 46. Rb8+ 1/2-1/2